Nem is olyan bonyolult

Bibliographic Details
Format: Article
Language:Slovak
Hungarian
PhysicalDescription:Fotogr.
Subjects:
Online Access:SK

MARC

LEADER 00000nab a2200000 ar4500
001 vtls009176891
003 SK-MaSNL
005 20260318114825.0
008 080123| xo m||p||||||||00 b|slo
038 |a knkjs 
040 |a knkjs  |b slo  |c knkjs  |e AACR2 
041 |a hun 
044 |a xo  |c SK 
080 |a 621.788  |2 2001 
080 |a 352  |2 2001 
245 0 0 |a Nem is olyan bonyolult 
300 |b Fotogr. 
610 2 7 |a DP Global (Kolárovo, Slovensko)  |2 knkjs  |9 1616026 
610 1 7 |a Kolárovo (Slovensko).  |b Mestský úrad  |2 knkjs  |9 218630 
650 0 7 |a PET fľaše  |2 knkjs  |9 29493 
650 0 7 |a obalový odpad  |2 knkjs  |9 71017 
650 0 7 |a separovaný zber odpadu  |2 knkjs  |9 29387 
651 7 |a Kolárovo (Slovensko)  |2 knkjs  |9 19149 
651 7 |a Komárno (Slovensko : okres)  |2 knkjs  |9 15954 
773 0 |t Dunatáj  |g Roč.XVIII, č. 1-2 (2008), s. 4 
852 |a knkjs  |b KIS3GCP 
856 4 0 |u SK 
999 |c 3329608  |d 3331538